| 000 | 00542nam a22001697a 4500 | ||
|---|---|---|---|
| 005 | 20231212061946.0 | ||
| 008 | 231212b |||||||| |||| 00| 0 eng d | ||
| 020 | _a409005916 | ||
| 041 | _aEnglish | ||
| 082 | _a348 SOU | ||
| 100 | _lEnglish | ||
| 245 |
_aThe South African Encyclopedia of Forms and Precedents : _b1971 Cumulative Supplement |
||
| 260 |
_aDurban : _bButterworth and Company (Pty) Ltd, _c1971 |
||
| 300 |
_bxx, 148 pages ; _c25 cm. |
||
| 650 |
_aLegal practice _bLaw |
||
| 942 |
_cBK _6ALISON_BN_VRIES |
||
| 999 |
_c1178 _d1178 |
||